| 000 | 00381nam a22001697a 4500 | ||
|---|---|---|---|
| 003 | Ost | ||
| 005 | 20220825110539.0 | ||
| 008 | 220825b |||||||| |||| 00| 0 eng d | ||
| 040 | _cBT-PhCST | ||
| 050 | _a3997 | ||
| 082 |
_222 _a627.042 |
||
| 100 | _aLikhi, S. K. | ||
| 245 | _aHydraulics / | ||
| 260 |
_aNew Delhi, _bNew Age, _cc2001. |
||
| 300 |
_a0 _bill. ; |
||
| 942 |
_2ddc _cCIVIL |
||
| 999 |
_c1194 _d1194 |
||